Concertos for Flute and Orchestra [CD аудио] (Запис номер 219009)
[ съкратено ]
| 000 -Лидер | |
|---|---|
| Контролно поле с фиксирана дължина | 01451njm a2200397 c 4500 |
| 003 - Код на организацията, давaща контролен номер | |
| Контролно поле | BLK |
| 005 - Дата и час на последна редакция | |
| Контролно поле | 20240523131547.0 |
| 008 - Елементи от данни с фиксирана дължина | |
| fixed length control field | 180410b bul||n||s|||||||| n|bulo| |
| 010 ## - Наследен системен номер | |
| LC control number | CDD00001348000 |
| 040 ## - Източник на каталожния запис | |
| Идентификатор на билиотеката - собственик на записа | BLK |
| 041 ## - Код за език | |
| Код за езика на текст/звукозапис или на отделно заглавие | Английски |
| Код за езика КДБФ | Английски |
| 080 ## - УДК | |
| Текстов определител УДК | Концерт за флейта и оркестър |
| УДК код - определител по УДК | 785.6:788.5 |
| УДК - код + определител | 785.6:788.5 |
| 100 1# - Редна дума - Автор | |
| Автор | Devienne, Francois |
| Авторска отговорност | първи автор |
| R(LIN) | 8440 |
| 139 ## - Редно поле | |
| Редна дума | Девиен, Франсоа |
| Авторски знак | Dev - D 49 |
| 245 10 - Сведения за заглавието | |
| Заглавие | Concertos for Flute and Orchestra [CD аудио] |
| Редно поле (дума) | Francois Devienne; * Франсоа Девиен. |
| 257 ## - Страна на издаване | |
| Страна на създаване/издаване | Германия |
| 260 ## - Област на издателските данни | |
| Име на издателя, разпространителя и проч. | Gema 7709 |
| Година на издаване | 2006 |
| 300 ## - Физическа характеристика | |
| Размери/Мащаб | 12 см. Stereo |
| Тип мерна единица | бр. в к-т |
| Количество на мерната единица | 1 CD |
| 306 ## - Продължителност на изпълнението | |
| Времетраене | 72 мин., 58 сек. |
| 380 ## - Жанр | |
| Жанр | Изкуство |
| 490 1# - СЕРИИ (Колекции) | |
| Име на серия | Famous Composers |
| №: серия | 12 |
| 505 ## - Форматирана забележка | |
| Подзаглавни данни | Nr.2 : D-Major |
| Заглавие | Concerto For Flute and Orchestra |
| 505 ## - Форматирана забележка | |
| Подзаглавни данни | Nr.4 : G-Major |
| Заглавие | Concerto for Flute and Orchestra |
| 505 ## - Форматирана забележка | |
| Подзаглавни данни | Nr.5 : G-Major |
| Заглавие | Concerto for Flute and Orchestra |
| 505 ## - Форматирана забележка | |
| Подзаглавни данни | Nr.7 : e-minor |
| Авторската отговорност | флейта Claudi Arimany; Gdansk Symphonic Orchestra; диригент Janusz Przybylsky. |
| Заглавие | Concerto for Flute and Orchestra |
| 653 ## - Ключова дума – ненормативна | |
| Ключова дума | концерти |
| 653 ## - Ключова дума – ненормативна | |
| Ключова дума | флейта |
| 700 1# - Други автори (авторска отговорност) | |
| Лично име | Девиен, Франсоа |
| Автороска отговорност (Описва отношението между автора и произведението) | * |
| 9 (RLIN) | 59248 |
| 852 ## - Местоположение | |
| Форматна сигнатура | Цб CD 1532 |
| Част | 4 |
| 856 4# - Електронен адрес и достъп | |
| Електронен формат | pdf - файл |
| Път до файла /url/ | |
| 856 4# - Електронен адрес и достъп | |
| Електронен формат | pdf - файл |
| Път до файла /url/ | |
| 942 ## - АРТИКУЛИ | |
| Вид на библиотечния материал | Компактдискове |
| Скрит в OPAC | Не |
| 944 ## - СЪЗДАВАНЕ И РЕДАКЦИЯ на ЗАПИСА | |
| Създаване/Редакция | Създаване |
| Дата на регистрацията/редакция | 25.10.2010 |
| Служител, извършил регистрацията/редакцията | 30545 |
| Статус, дата на статуса | Нора Радева |
| 944 ## - СЪЗДАВАНЕ И РЕДАКЦИЯ на ЗАПИСА | |
| Създаване/Редакция | Редакция |
| Дата на регистрацията/редакция | 02.11.2010 |
| 999 ## - СИСТЕМНИ КОНТРОЛНИ НОМЕРА | |
| Koha biblionumber | 219009 |
| Koha biblioitemnumber | 219009 |
| 999 ## - СИСТЕМНИ КОНТРОЛНИ НОМЕРА | |
| Koha biblioitemnumber | 219009 |
| Код за отписване | Код за изгубен артикул | Източник на класификационната схема | Код за повреда | Коз за рестрикции | Код за отдаване | Артикулен № | Име на библиотеката - собственик | Име на библиотеката, в която се намира в момента | Статус (Текущо местоположение) | Дата на вписване в системата | Местоположение - отдел | Цена в лева | Инвентарен номер | Систематично азбучна сигнатура | Баркод | Номер на екземпляра | Цена в евро | Служебна бележка | Служебен тип на артикула |
|---|---|---|---|---|---|---|---|---|---|---|---|---|---|---|---|---|---|---|---|
| Не е изгубен | Universal Decimal Classification | Не е повреден | без рестрикции | заемане за дома | 390413 | Регионална библиотека "Любен Каравелов" Русе | Регионална библиотека "Любен Каравелов" Русе | Отдел Изкуство - подръчен фонд | 2007-12-11 | Отдел Изкуство - подръчен фонд | 0.75 | 250000002729 | 78.082/D 49 | 250000002729 | 1 | 0.38 | Дост: Pk Вид: Ф N: 72953 Дата: 04.12.2007 Съставил: Валя_Йорданова | Компактдискове |